LEADER 01258nam a22002771i 4500 001 991002302529707536 005 20040302074630.0 008 040407s1937 gw |||||||||||||||||ger 035 $ab12902068-39ule_inst 035 $aARCHE-088168$9ExL 040 $aDip.to Filologia Class. e Scienze Filosofiche$bita$cA.t.i. Arché s.c.r.l. Pandora Sicilia s.r.l. 082 04$a932 100 1 $aJirku, Anton$0125452 245 14$aDie Ägyptischen Listen Palästinensischer und Syrischer Ortsnamen :$bin Umschriftund mit historisch-archäeologischem Kommentar /$cherausgegeben von Anton Jirku 260 $aLeipzig :$bDieterich'sche Verlagsbuchhandlung,$c1937 300 $a62 p., 1 c. di tav. ;$c24 cm 440 0$aKlio.$pBeiträge zur alten Geschichte ;$v38 440 0$aKlio. Beiträge zur alten Geschichte.$nNeue Folge ;$v25 650 4$aLingua egiziana 650 4$aIscrizioni egiziane$zPalestina 907 $a.b12902068$b02-04-14$c16-04-04 912 $a991002302529707536 945 $aLE007 932 JIR 01.01$g1$i2015000087362$lle007$o-$pE0.00$q-$rl$s- $t0$u0$v0$w0$x0$y.i13467645$z16-04-04 996 $aÄgyptischen Listen Palästinensischer und Syrischer Ortsnamen$9305990 997 $aUNISALENTO 998 $ale007$b16-04-04$cm$da $e-$fger$ggw $h4$i1 LEADER 01653oam 2200421M 450 001 9910716402203321 005 20200213070615.1 035 $a(CKB)5470000002522128 035 $a(OCoLC)1065979325 035 $a(OCoLC)995470000002522128 035 $a(EXLCZ)995470000002522128 100 $a20071213d1927 ua 0 101 0 $aeng 135 $aurcn||||||||| 181 $ctxt$2rdacontent 182 $cc$2rdamedia 183 $acr$2rdacarrier 200 10$aAdditional judge for the Eastern district of New York. January 27, 1927. -- Committed to the Committee of the Whole House on the State of the Union and ordered to be printed 210 1$a[Washington, D.C.] :$c[U.S. Government Printing Office],$d1927. 215 $a1 online resource (1 page) 225 1 $aHouse report / 69th Congress, 2nd session. House ;$vno. 1874 225 1 $a[United States congressional serial set] ;$v[serial no. 8688] 300 $aBatch processed record: Metadata reviewed, not verified. Some fields updated by batch processes. 300 $aFDLP item number not assigned. 606 $aDistrict courts 606 $aJudges 608 $aLegislative materials.$2lcgft 615 0$aDistrict courts. 615 0$aJudges. 701 $aGraham$b George Scott$f1850-1931$pRepublican (PA)$01386798 801 0$bWYU 801 1$bWYU 801 2$bOCLCO 801 2$bOCLCQ 906 $aBOOK 912 $a9910716402203321 996 $aAdditional judge for the Eastern district of New York. January 27, 1927. -- Committed to the Committee of the Whole House on the State of the Union and ordered to be printed$93486978 997 $aUNINA